Analýza vlastností senzorov Leap Motion pri meraniach pohybov prstov

Guardado en:
Detalles Bibliográficos
Autor principal: Kopp, Samuel (Autor)
Otros Autores: Kajan, Slavomír (Orientador)
Formato: Manuscrito Libro
Lenguaje:eslovaco
Publicado: Bratislava : STU v Bratislave FEI, 2025
Materias:
Acceso en línea:https://opac.crzp.sk/?fn=detailBiblioFormChildQ63UE&sid=BA75C2D62745AD5727EF959ED92F&seo=CRZP-detail-kniha
Etiquetas: Agregar Etiqueta
Sin Etiquetas, Sea el primero en etiquetar este registro!

MARC

LEADER 00000ntm a22000003a 4500
001 stuzp101959
003 SK-STU
005 20260210093035.4
007 ta
008 150427s2015----xo-----f-mn---000-0-slo-d
040 |a STU  |b slo 
041 0 |a slo 
044 |a xo 
100 1 |a Kopp, Samuel  |u 031000  |4 aut  |U FEI Fakulta elektrotechniky a informatiky  |T FEI Ústav robotiky a kybernetiky  |X 122157  |U E011  |Y 356  |7 122157 
242 0 1 |a Properties Analysis of Leap Motion Sensors when Measuring Finger Movements  |y eng 
245 1 0 |a Analýza vlastností senzorov Leap Motion pri meraniach pohybov prstov 
260 |a Bratislava :  |b STU v Bratislave FEI,  |c 2025 
300 |a 53 s. 
650 4 |a Leap Motion  |2 slo 
650 4 |a Analýza pohybu  |2 slo 
650 4 |a Parkinsonova choroba  |2 slo 
650 4 |a Leap Motion  |2 eng 
650 4 |a Parkinson's Disease  |2 eng 
650 4 |a Motion Analysis  |2 eng 
700 1 |a Kajan, Slavomír  |u 031000  |k Z1  |4 ths  |U FEI Fakulta elektrotechniky a informatiky  |T FEI Ústav robotiky a kybernetiky  |X 4240  |U E011  |Y 356  |7 A000004240 
856 4 |u https://opac.crzp.sk/?fn=detailBiblioFormChildQ63UE&sid=BA75C2D62745AD5727EF959ED92F&seo=CRZP-detail-kniha